00438nam a22001457a 450000500170000000800410001702000280005804100130008608200130009910000240011224500650013626000480020130000180024965000250026720240919081447.0231208b |||||||| |||| 00| 0 eng d a0409017019 ; 0409016284 aEnglish  a349 BUT  aGosai, L lEnglish  aButterworths Forms and Precedents : b Citizenship cL Gosai aDurban : bLexisNexis Butterworths, c1998  bii, c26 cm.  aLegal practice bLaw